Statistics for Band Names A - Z

Click here to take the quiz!

General Stats

  • This quiz has been taken 145 times
  • The average score is 16 of 26

Answer Stats

HintAnswer% Correct
EHotel CaliforniaEagles
97%
QWe Will Rock YouQueen
97%
UWith or Without YouU2
93%
OWonderwallOasis
92%
PRoxanneThe Police
87%
JDon't Stop Believin'Journey
82%
MEnter SandmanMetallica
81%
NCome As You AreNirvana
81%
WMy GenerationThe Who
80%
ASchool's OutAlice Cooper
77%
RGimme ShelterThe Rolling Stones
76%
CLondon's BurningThe Clash
75%
KMr BrightsideThe Killers
72%
LKashmirLed Zeppelin
71%
BIron ManBlack Sabbath
69%
DLA WomanThe Doors
65%
TMy GirlThe Temptations
57%
IRadioactiveImagine Dragons
51%
YRoundaboutYes
50%
ZShe's Not ThereThe Zombies
41%
SHow Soon Is Now?The Smiths
33%
VSweet JaneThe Velvet Underground
32%
HMagic ManHeart
28%
GUncle John's BandGrateful Dead
24%
FCenturiesFall Out Boy
22%
XUnsteadyX Ambassadors
11%

Score Distribution

Percentile by Number Answered

Percent of People with Each Score

Your Score History

You have not taken this quiz